000 00436nam a2200169Ia 4500
001 24102
005 20260414151021.0
008 260414t2006||||xx |||||||||||||| ||spa||
041 _aESP
082 _a780.8985
_bV47
100 _aVera Béjar, Augusto
_eAUT
245 0 _aMúsica, danza, tradición y personajes puneños :
_btreinta años después
260 _c2006
650 _aABD
654 _aCAU
942 _cLIB
_dJUS
_fJUS
_2ddc
_n
999 _c24102
_d24102